00715nam a2200229Ia 4500003000900000008004100009020001800050040001600068080001300084100001800097245016800115250001200283260003800295300001000333490002800343500001500371650002400386650001400410650002100424650002200445700001800467IN-BaIIA211028s9999 xx 000 0 eng d a0-07-044816-7 cIIA Library a531bMCL aMclean, W. G. 0aSchaum's outline of theory and problems of engineering mechanicsbstatics and dynamicscW. G. Mclean and E. W. Nelson  a2nd ed. aNew YorkbSchaum Publishingc1962 a355p. aSchaum's outline series aXerox copy aCelestial mechanics aMechanice aQuantum dynamics aQuantum mechanics aNelson, E. W.